Guess the Organ by Consequences of its Failure - Statistics

General Stats
  • This quiz has been taken 18 times
  • The average score is 6 of 10
Answer Stats
Answer Selected Consequences of Organ Failure % Correct
Liver Bleeding/coagulopathy, encephalopathy, transformation into cancer
94%
Heart Pulmonary edema, peripheral edema, syncope (severe)
75%
Kidney Anemia, hypertension, hyperkalemia
75%
Pancreas Fat malabsorption (steatorrhea), diabetes mellitus (hyperglycemia)
75%
Bone Marrow Bleeding/thrombocytopenia, anemia, susceptibility to infections (leukopenia)
50%
Spleen Susceptibility to encapsulated bacterial infections, thrombocytosis
44%
Thyroid Gland Hypotension, bradycardia, increased sensitivity to cold temperatures
44%
Anal sphincter Stool incontinence
31%
Eustachian tube Serous fluid buildup in middle ear, conductive hearing loss
31%
Veins Lower extremity edema with skin discoloration/scaling, ulcers above medial malleolus
31%
No matching quizzes found
Score Distribution
Percent of People with Each Score
Percentile by Number Answered
Your Score History
You have not taken this quiz